=LDR 00000nam 2200000 4500 =001 INLIS000000000008381 =005 20260205123031 =035 ##$$a 0010-0223000004 =245 1#$$a Tip & Trik Belajar Hacker : $b Buku Pintar Belajar Hacking Sampai Mahir /$c Mundzir MF =100 #$$a MUNDZIR MF =250 ##$$a Cet. 1 =300 ##$$a 184 halaman : $b Tabel; gambar ; $c 14x20 cm$e biografi ; 184-185 hlm. =260 ##$$a Yogyakarta :$b Notebook,$c 2014 =020 ##$$a 817525766-0 =650 #4$$a biografi programmer komputer, Programmer Komputer =520 ##$$a Hacker atau yang sering disebut peretas merupakan sekumpulan orang yang dengan sengaja dan motivasi tertentu mau dan mampu untuk mempelajari, menganalisis, memodifikasi, menerobos masuk ke dalam komputer dan jaringan komputer, baik untuk keuntungan atau dimotivasi oleh tanangan. =008 260205################g##########0#ind## =082 ##$$a 005.1092 =084 ##$$a 005.1092 MUN t =856 ##$$a OPAC (Ruang Sirkulasi-Rak 1.3) =990 ##$$a 298/SM-21